Tovaroznalectvo potravinárskeho tovaru návody na cvičenia

Guardado en:
Detalles Bibliográficos
Autor principal: Svobodová, Dagmar
Autor Corporativo: Vysoká škola ekonomická v Bratislave. Fakulta ekonomiky služieb a cestovného ruchu v Banskej Bystrici
Otros Autores: Kollár, Vojtech
Formato: Libro
Lenguaje:eslovaco
Publicado: Bratislava VŠE 1988
Edición:1. vyd.
Etiquetas: Agregar Etiqueta
Sin Etiquetas, Sea el primero en etiquetar este registro!

MARC

LEADER 00000nam a2200000 4500
001 c024439
005 20221219092448.9
041 0 |a slo 
044 |a SK 
245 1 0 |a Tovaroznalectvo potravinárskeho tovaru  |b návody na cvičenia  |c Dagmar Svobodová, Vojtech Kollár 
250 |a 1. vyd. 
264 1 |a Bratislava  |b VŠE  |c 1988 
300 |a 158 s. 
100 1 |a Svobodová, Dagmar 
700 1 |a Kollár, Vojtech 
710 2 |a Vysoká škola ekonomická v Bratislave. Fakulta ekonomiky služieb a cestovného ruchu v Banskej Bystrici